Loading...
| History - World History | 0 | 6 | 0 | 2 | 60 | 79 | 105.67 | 0 | 1 |
| History - Other History | 0 | 6 | 1 | 2 | 55 | 64 | 89.33 | 0 | 3 |
| Science - Chemistry | 0 | 6 | 1 | 0 | 55 | 57 | 66.17 | 2 | 6 |
| Science - Biology | 0 | 4 | 1 | 1 | 35 | 78 | 98.50 | 0 | 1 |
| History - American History | 0 | 4 | 1 | 2 | 35 | 90 | 113.50 | 0 | 1 |
| Philosophy | 0 | 3 | 0 | 1 | 30 | 92 | 113.00 | 0 | 1 |
| Science - Other Science | 0 | 3 | 1 | 1 | 25 | 82 | 98.67 | 0 | 1 |
| Literature - American Literature | 0 | 2 | 0 | 0 | 20 | 105 | 117.50 | 0 | 0 |
| Science - Physics | 0 | 2 | 0 | 1 | 20 | 70 | 88.00 | 0 | 1 |
| Other Academic | 0 | 1 | 0 | 1 | 10 | 135 | 135.00 | 0 | 0 |
| Literature - European Literature | 0 | 1 | 0 | 0 | 10 | 123 | 123.00 | 0 | 0 |
| Religion | 0 | 1 | 0 | 1 | 10 | 127 | 127.00 | 0 | 1 |
| Literature - World/Other Literature | 0 | 1 | 0 | 0 | 10 | 115 | 115.00 | 0 | 0 |
| Social Science | 0 | 2 | 3 | 0 | 5 | 23 | 61.50 | 1 | 1 |
| Fine Arts - Other Fine Arts | 0 | 1 | 1 | 0 | 5 | 133 | 133.00 | 0 | 0 |
| History - European History | 0 | 1 | 1 | 0 | 5 | 113 | 113.00 | 0 | 0 |
| Mythology | 0 | 1 | 1 | 0 | 5 | 133 | 133.00 | 0 | 0 |
| Geography/Current Events | 0 | 1 | 2 | 1 | 0 | 133 | 133.00 | 0 | 0 |
| Fine Arts - Visual Fine Arts | 0 | 0 | 1 | 0 | -5 | 0.00 | 0 | 0 | |
| Fine Arts - Classical Music | 0 | 0 | 1 | 0 | -5 | 0.00 | 0 | 0 |